The science of armour materials / (Record no. 600844)
[ view plain ]
| 000 -LEADER | |
|---|---|
| fixed length control field | 00232nam a2200097Ia 4500 |
| 008 - FIXED-LENGTH DATA ELEMENTS--GENERAL INFORMATION | |
| fixed length control field | 230907s9999||||xx |||||||||||||| ||und|| |
| 082 ## - DEWEY DECIMAL CLASSIFICATION NUMBER | |
| Classification number | 355.8241 |
| Author Mark | SCI |
| 245 #4 - TITLE STATEMENT | |
| Title | The science of armour materials / |
| 300 ## - PHYSICAL DESCRIPTION | |
| Extent | 715 p. |
| 942 ## - ADDED ENTRY ELEMENTS (KOHA) | |
| Koha item type | Book |
| Withdrawn status | Lost status | Damaged status | Not for loan | Permanent Location | Current Location | Date acquired | Total Checkouts | Full call number | Barcode | Date last seen | Price effective from | Koha item type |
|---|---|---|---|---|---|---|---|---|---|---|---|---|
| US-Pakistan Center for Advanced Studies in Energy (USPCAS-E) | US-Pakistan Center for Advanced Studies in Energy (USPCAS-E) | 10/01/2019 | 355.8241 SCI | CAS-E0004943 | 09/12/2023 | 09/12/2023 | Book |
